000
00449nam a2200145Ia 4500
008
100122s9999 xx 000 0 und d
082
_b
11971
_a
823
100
_a
अग्निहोत्री अ शं
245
_a
उंबराचं फूल
260
_b
श्रीराम प्रकाशन
_c
1962
300
_a
152
630
_a
उंबराचं फूल
730
_a
उंबराचं फूल
942
_c
BOOK
999
_c
403190
_d
403187